000 01043nam a22003017a 4500
001 BR8102611
003 BR-BrBNA
005 20230928090941.0
007 ta
008 230509b bl.||||| |||| 00| 0 por d
040 _aBR-BrBNA
_bpor
_cBiblioteca Nacional de Agricultura
041 _a(Por)
072 _aL70
_b5400
_b3888
090 _ 5400 BR8102611
100 1 _aCastro, G.B. de
110 1 _aUniversidade Federal de Minas Gerais, Belo Horizonte (Brasil). Escola de Veterinaria
_0Tese (Mestre em Medicina Veterinaria)
245 1 _aEmprego da propionilpromazina associada ao tiopental sodico em caes (Canis familiaris)[Anestesia; Cirurgia]
246 1 _a[Propionylpromazin associated to sodium thiopental in dogs (Canis familiaris)[Anaesthesia; Surgery]]
260 3 _aBelo Horizonte, MG (Brasil):
_c1981.
300 _a44 p.
500 _a8 tables; 28 ref.; Summary (Por)
650 _aVeterinaria
650 _aCao
650 _aAnestesia
650 _aCirurgia
909 _a202309
_bLucia
_c55
_dLucia Elande
942 _cBK
999 _c31421
_d31421